书目信息 |
| 题名: |
网页设计与制作
|
|
| 作者: | 邵斌 , 祝玉华 , 赵丁丁 编著 | |
| 分册: | ||
| 出版信息: | 长沙 中南大学出版社 2006.08 |
|
| 页数: | 210页 | |
| 开本: | 26cm | |
| 丛书名: | 21世纪新闻与传播学专业系列实验教材 | |
| 单 册: | ||
| 中图分类: | TP393.092 | |
| 科图分类: | ||
| 主题词: | 网页--wang ye--制作--软件工具--高等学校--教材 | |
| 电子资源: | ||
| ISBN: | 7-81105-386-1 | |
| 000 | 01095nam 2200277 450 | |
| 001 | 012006582529 | |
| 005 | 20070604093758.46 | |
| 010 | @a7-81105-386-1@dCNY38.00 | |
| 100 | @a20061224d2006 km y0chiy0120 ea | |
| 101 | 0 | @achi |
| 102 | @aCN@b430000 | |
| 105 | @aa a 000yy | |
| 200 | 1 | @a网页设计与制作@Awang ye she ji yu zhi zuo@f邵斌, 祝玉华, 赵丁丁编著@Fshao bin,zhu yu hua,zhao ding ding bian zhu |
| 210 | @a长沙@c中南大学出版社@d2006.08 | |
| 215 | @a210页@c图@d26cm | |
| 225 | 2 | @a21世纪新闻与传播学专业系列实验教材@A21 shi ji xin wen yu chuan bo xue zhuan ye xi lie shi yan jiao cai |
| 320 | @a有书目 (第210页)。 | |
| 330 | @a本书以实验的体例来编写,内容包括:新闻网页设计基础、认识Dreamweaver Mx 2004、站点规划和管理、文字的使用、超链接的使用等。 | |
| 410 | 0 | @12001 @a21世纪新闻与传播学专业系列实验教材 |
| 606 | 0 | @a网页@Awang ye@x制作@x软件工具@x高等学校@j教材 |
| 690 | @aTP393.092@v4 | |
| 701 | 0 | @a邵斌@Ashao bin@4编著 |
| 701 | 0 | @a祝玉华@Azhu yu hua@4编著 |
| 701 | 0 | @a赵丁丁@Azhao ding ding@4编著 |
| 801 | 0 | @aCN@c20070604 |
| 905 | @b233662-63@dTP393.092@eS328 | |
| 网页设计与制作/邵斌, 祝玉华, 赵丁丁编著.-长沙:中南大学出版社,2006.08 |
| 210页:图;26cm.-(21世纪新闻与传播学专业系列实验教材) |
| ISBN 7-81105-386-1:CNY38.00 |
| 本书以实验的体例来编写,内容包括:新闻网页设计基础、认识Dreamweaver Mx 2004、站点规划和管理、文字的使用、超链接的使用等。 |
| ● |
| 相关链接 |
|
|
|
正题名:网页设计与制作
索取号:TP393.092/S328
 
预约/预借
| 序号 | 登录号 | 条形码 | 馆藏地/架位号 | 状态 | 备注 |
| 1 | 233662 | 202336622 | 自科库301/301自科库 128排1列5层/ [索取号:TP393.092/S328] | 在馆 | |
| 2 | 233663 | 202336631 | 自科库301/301自科库 128排1列5层/ [索取号:TP393.092/S328] | 在馆 |